Principaux détroits et canaux du monde - Statistiques

Statistiques générales
  • Ce quiz a été pris 5 300 fois
  • Le résultat moyen est 10 sur 17
Réponses sur la Carte
Les réponses sont colorées sur une échelle allant du rouge au vert en fonction du pourcentage des utilisateurs qui les ont devinées à leur premier essai. Vous pouvez retrouver ces pourcentages ci-dessous.
 
Statistiques - réponses
Réponse % Correct
Canal de Panama
80%
Détroit Gibraltar
79%
Canal de Suez
77%
Détroit de la Manche
77%
Détroit de Taiwan
66%
Détroit de Malacca
64%
Détroit de Bab-El-Mandeb
62%
Détroit de Corée
62%
Détroit de Floride
61%
Détroit de Magellan
60%
Détroit d'Ormuz
60%
Détroit de Béring
54%
Détroit du Bosphore
42%
Canal de Kiel
38%
Détroit des Dardanelles
32%
Détroit de Macassar
27%
Détroit de Torres
26%
Aucun quiz correspondant
Distribution des résultats
% des personnes avec chaque résultat
Percentile par nombre de réponses
Votre historique - résultats
Vous n’avez pas pris ce quiz